HOSPITAL AND CLINICAL PHARMACY (Record no. 1220667)

MARC details
000 -LEADER
fixed length control field 00426nam a2200157Ia 4500
008 - FIXED-LENGTH DATA ELEMENTS--GENERAL INFORMATION
fixed length control field 260417s2023 xx 000 0 und d
041 ## - LANGUAGE CODE
Language code of text/sound track or separate title eng
082 ## - DEWEY DECIMAL CLASSIFICATION NUMBER
Classification number PA 975.5/CHA
Item number DI-1356
100 ## - MAIN ENTRY--PERSONAL NAME
Personal name SUNIL CHAVAN
245 ## - TITLE STATEMENT
Title HOSPITAL AND CLINICAL PHARMACY
250 ## - EDITION STATEMENT
Edition statement 2ND ed
260 ## - PUBLICATION, DISTRIBUTION, ETC.
Place of publication, distribution, etc. PUNE
Name of publisher, distributor, etc. 2023
-- TECH KNOWLEDGE PUB.
300 ## - PHYSICAL DESCRIPTION
Extent P.B.13.31p
650 ## - SUBJECT ADDED ENTRY--TOPICAL TERM
Topical term or geographic name entry element HOSPITAL AND CLINICAL PHARMACY
700 ## - ADDED ENTRY--PERSONAL NAME
Personal name DR.KULDEEP BANSODE
Holdings
Withdrawn status Lost status Damaged status Not for loan Home library Current library Date acquired Cost, normal purchase price Total Checkouts Full call number Barcode Date last seen Price effective from Koha item type
        College of Pharmacy, Kolhapur College of Pharmacy, Kolhapur 31/03/2025 355.00   DI-1356/PA 975.5/CHA PCK-DI-1356 17/04/2026 17/04/2026 Book